000
00305nam a22001457a 4500
003
SGT
082
_a
370
_b
E16K
100
_a
KISHAN, N. RAMNATH
245
_a
ECONOMICS OF EDUCATION
250
_a
1ST
260
_a
NEW DELHI
_b
A.P.H. PUB
_c
2016
300
_a
156
650
_a
EDUCATION
942
_2
ddc
_c
BK
999
_c
12205
_d
12205